All countries accepted by their abbreviation by JetPunk - Statistics

General Stats
  • This quiz has been taken 46 times
    23 since last reset
  • The average score is 12 of 15
Answer Stats
Hint Answer % Correct
Central African Republic CAR
100%
Dominican Republic DR
100%
New Zealand NZ
100%
Papua New Guinea PNG
100%
United Arab Emirates UAE
100%
United Kingdom UK/GB
100%
United States USA
100%
Federated States of Micronesia FSM
96%
Democratic Republic of the Congo DRC
91%
North Korea DPRK
65%
China PRC
57%
Taiwan ROC
57%
Saudi Arabia KSA
52%
South Korea ROK
52%
North Macedonia FYROM
39%
No matching quizzes found
Score Distribution
Percent of People with Each Score
Percentile by Number Answered
Your Score History
You have not taken this quiz since the last reset